Key concepts in palliative care (Record no. 176407)

MARC details
000 -LEADER
fixed length control field 00695nam a2200241Ia 4500
003 - CONTROL NUMBER IDENTIFIER
control field OSt
005 - DATE AND TIME OF LATEST TRANSACTION
control field 20230531114610.0
008 - FIXED-LENGTH DATA ELEMENTS--GENERAL INFORMATION
fixed length control field 210423s2011 xx 000 0 und d
020 ## - INTERNATIONAL STANDARD BOOK NUMBER
International Standard Book Number 978-1-84860-872-6
040 ## - CATALOGING SOURCE
Transcribing agency AL
041 ## - LANGUAGE CODE
Language code of text/sound track or separate title eng
082 ## - DEWEY DECIMAL CLASSIFICATION NUMBER
Classification number 362.175 BALK
100 ## - MAIN ENTRY--PERSONAL NAME
Personal name BALDWIN (Moyra A);WOODHOUSE (Jan)
9 (RLIN) 117804
245 ## - TITLE STATEMENT
Title Key concepts in palliative care
260 ## - PUBLICATION, DISTRIBUTION, ETC.
Place of publication, distribution, etc. London
Name of publisher, distributor, etc. Sage Publications
Date of publication, distribution, etc. 2011
300 ## - PHYSICAL DESCRIPTION
Extent xvii,245
Other physical details PB
365 ## - TRADE PRICE
Price amount 3442.4
Currency code USD
440 ## - SERIES STATEMENT/ADDED ENTRY--TITLE
Title Sage key concepts
9 (RLIN) 117805
650 ## - SUBJECT ADDED ENTRY--TOPICAL TERM
Topical term or geographic name entry element Social Problems & Services
9 (RLIN) 117806
650 ## - SUBJECT ADDED ENTRY--TOPICAL TERM
Topical term or geographic name entry element Social Welfare Problems & Services
9 (RLIN) 117807
906 ## - LOCAL DATA ELEMENT F, LDF (RLIN)
a care ; concepts ; Key ; palliative
942 ## - ADDED ENTRY ELEMENTS (KOHA)
Source of classification or shelving scheme Dewey Decimal Classification
Koha item type Book
Holdings
Withdrawn status Lost status Damaged status Not for loan Collection code Home library Current library Date acquired Source of acquisition Cost, normal purchase price Total Checkouts Full call number Barcode Date last seen Price effective from Koha item type
        MSW St Aloysius PG Library St Aloysius PG Library 05/11/2015 Biblios Book Point 3442.40   362.175 BALK PG023111 08/24/2022 04/26/2021 Book